Olivia Sharp: (Record no. 33121)

MARC details
000 -LEADER
fixed length control field 02947nam a22003975a 4500
005 - DATE AND TIME OF LATEST TRANSACTION
control field 20091217141732.0
008 - FIXED-LENGTH DATA ELEMENTS--GENERAL INFORMATION
fixed length control field 091120t20092006paua j 001 0 eng
010 ## - LCCN (DPL NO)
LC control number B-385502-513
020 ## - INTERNATIONAL STANDARD BOOK NUMBER
International Standard Book Number 9780440420606
Terms of availability 163.00
035 ## - SYSTEM CONTROL NUMBER
System control number B-385502-513
037 ## - SOURCE OF ACQUISITION
Source of stock number/acquisition Blueberry Books
040 ## - CATALOGING SOURCE
Original cataloging agency dpl
Language of cataloging English
082 ## - DEWEY DECIMAL CLASSIFICATION NUMBER
Classification number S
100 ## - MAIN ENTRY--PERSONAL NAME
Personal name Sharmat, Marjorie Weinman
245 ## - TITLE STATEMENT
Title Olivia Sharp:
Statement of responsibility, etc by Marjorie Weinman Sharmat [and] Mitchell Sharmat ; illustrated by Denise Brunkus
Remainder of title the princess of the fillmore street school /
260 ## - PUBLICATION, DISTRIBUTION, ETC. (IMPRINT)
Place of publication, distribution, etc New York
Name of publisher, distributor, etc Yearling Books
Date of publication, distribution, etc 2005
270 ## - ADDRESS
City New York
300 ## - PHYSICAL DESCRIPTION
Extent 73 p. :
Other physical details col. ill.
Dimensions 20cm(pbk)
700 ## - ADDED ENTRY--PERSONAL NAME
Personal name Sharmat, Mitchell
700 ## - ADDED ENTRY--PERSONAL NAME
Personal name Brunkus, Denise
710 ## - ADDED ENTRY--CORPORATE NAME
Corporate name or jurisdiction name as entry element Mason Crest Publishers.
942 ## - ADDED ENTRY ELEMENTS (KOHA)
Source of classification or shelving scheme Dewey Decimal Classification
Item type Children Books
Classification part S
Call number suffix SHA
Holdings
Withdrawn status Lost status Source of classification or shelving scheme Damaged status Not for loan Collection code Home library Current library Date acquired Source of acquisition Cost, normal purchase price Total Checkouts Full call number Barcode Date last seen Copy number Cost, replacement price Koha item type Total Renewals
    Dewey Decimal Classification     Fiction Central Library Central Library 12/07/2010 Blueberry Books/5571/27.3.10/157/27.1.10/27.3.10 163.00   S SHA B-385506 12/07/2010 1 163.00 Children Books  
    Dewey Decimal Classification     Fiction Janak Puri Janak Puri 12/07/2010 Blueberry Books/5571/27.3.10/157/27.1.10/27.3.10 163.00 7 S SHA B-385508 02/06/2014 1 163.00 Children Books  
    Dewey Decimal Classification     Fiction Karol Bagh Karol Bagh 12/07/2010 Blueberry Books/5571/27.3.10/157/27.1.10/27.3.10 163.00   S SHA B-385511 12/07/2010 1 163.00 Children Books  
    Dewey Decimal Classification     Fiction Mobile Library Mobile Library 12/07/2010 Blueberry Books/5571/27.3.10/157/27.1.10/27.3.10 163.00   S SHA B-385502 12/07/2010 4 163.00 Children Books  
    Dewey Decimal Classification     Fiction Mobile Library Mobile Library 12/07/2010 Blueberry Books/5571/27.3.10/157/27.1.10/27.3.10 163.00   S SHA B-385503 12/07/2010 4 163.00 Children Books  
    Dewey Decimal Classification     Fiction Mobile Library Mobile Library 12/07/2010 Blueberry Books/5571/27.3.10/157/27.1.10/27.3.10 163.00   S SHA B-385504 12/07/2010 4 163.00 Children Books  
    Dewey Decimal Classification     Fiction Mobile Library Mobile Library 12/07/2010 Blueberry Books/5571/27.3.10/157/27.1.10/27.3.10 163.00   S SHA B-385505 12/07/2010 4 163.00 Children Books  
    Dewey Decimal Classification     Fiction Narela Narela 12/07/2010 Blueberry Books/5571/27.3.10/157/27.1.10/27.3.10 163.00   S SHA B-385512 12/07/2010 1 163.00 Children Books  
    Dewey Decimal Classification     Fiction Patel Nagar Patel Nagar 12/07/2010 Blueberry Books/5571/27.3.10/157/27.1.10/27.3.10 163.00   S SHA B-385507 12/07/2010 1 163.00 Children Books  
    Dewey Decimal Classification     Fiction Sarojini Nagar Sarojini Nagar 12/07/2010 Blueberry Books/5571/27.3.10/157/27.1.10/27.3.10 163.00 2 S SHA B-385509 30/05/2026 1 163.00 Children Books  
    Dewey Decimal Classification     Fiction Shahdara Branch Shahdara Branch 12/07/2010 Blueberry Books/5571/27.3.10/157/27.1.10/27.3.10 163.00 6 S SHA B-385513 02/09/2024 1 163.00 Children Books 2
    Dewey Decimal Classification     Fiction Vinoba Puri Vinoba Puri 12/07/2010 Blueberry Books/5571/27.3.10/157/27.1.10/27.3.10 163.00 2 S SHA B-385510 31/05/2013 1 163.00 Children Books  

© Delhi Public Library
Hit Counter
free hit counter